000 00287nam a2200109Ia 4500
008 190914s9999||||xx |||||||||||||| ||und||
100 _aMichael V. Manning
245 0 _aDatabase Design Application Development
260 _aNew Jersey
_bWilley Student
_c1996
300 _a400
942 _cBK
999 _c9505
_d9505